[Event "COL-ch Seniors"]
[Site "Bucaramanga"]
[Date "2013.09.26"]
[Round "2"]
[White "Cardona, Gregorio"]
[Black "Lopez Sarmiento, Isnardo"]
[Result "0-1"]
[WhiteElo "1879"]
[BlackElo "1760"]
[PlyCount "24"]
[EventDate "2013.09.26"]
[EventType "swiss"]
[EventRounds "7"]
[EventCountry "COL"]
[SourceTitle "CBM 156 Extra"]
[Source "ChessBase"]
[SourceDate "2013.10.22"]
[SourceVersion "1"]
[SourceVersionDate "2013.10.22"]
[SourceQuality "1"]

1. c4 c5 2. Nc3 Nc6 3. Nf3 g6 4. g3 Bg7 5. Bg2 e6 6. 0-0 Nge7 7. d3 0-0 8. a3 d5 9. cxd5 exd5 10. Bf4 d4 11. Ne4 b6 12. Bg5 f5 0-1